000 00696nab a22002297a 4500
001 22472
003 HDC
007 cr bn ---aaaaa
008 210128c20161018my ||||| |||| 00| 0 may d
040 _aHDC
245 0 _aTidak semua burung halal dimakan
336 _atext
_2rdacontent
337 _acomputer
_2rdamedia
338 _aonline resource
_2rdacarrier
650 _aIslamic ethics
_9277
650 _aIslamic law
_9590
710 _aHarian Metro
856 _zRequest full-text at [email protected]
942 _2lcc
942 _cNEWS
942 _kNWSC 006605
999 _c19788
_d19788